00581nam a2200181 a 450000100100000000500170001000800410002702000150006804000250008310000270010824500450013526000340018030000210021449000150023583000210025095201110027199900170038200003773820201002031116.0130305s1986 sp 000 0 spa d a8433961586 aDO-SdBNPbspacBNPHU1 aPiglia, Ricardo96420210aCrítica y ficción /cRicardo Pligia. aBarcelona :bAnagrama,c1986. a226 p. ;c23 cm.1 aArgumentos 0aArgumentos98962 001054708MOaGRbGRcCTd2013-03-05iLF1l0o p37738-10r2020-06-25w2020-06-25y4ZPréstamo en sala c37228d37228